000 00307nam a22001217a 4500
008 160507b xxu||||| |||| 00| 0 eng d
020 _a9780805365665
020 _a0805365664
041 _aeng
080 _a573
245 _aBiology:
_cNeil A. Campbell; Jane B.Reece; Lawrence G. Mitchell;
942 _2udc
_cBK
999 _c1918
_d1918